000 004820000a22001810004500
003 LK-CoMWRAF
005 20230918122417.0
008 230817t ||||| |||| 00| 0 eng d
040 _aLK-CoMWRAF
_dLK-CoMWRAF
_eLK-CoMWRAF
041 _aeng
082 _a297
_bPHI
100 _aPhilips, Abu Ameenah Bilal
245 _aThe Fundamentals of tawheed :
_b(Islamic Monotheism)
260 _aSaudi Arabia :
_bTawheed,
_c1990
300 _a213p
650 _aIslam-Tawheed
942 _cBK
999 _c1187
_d1187